La empresa y los factores que influyen en su funcionamiento
Збережено в:
| Співавтори: | , |
|---|---|
| Формат: | Книга |
| Мова: | Іспанська |
| Опубліковано: |
Ginebra
Oficina Internacional del Trabajo
1971
|
| Редагування: | 4a. ed |
| Серія: | La empresa y su dirección
|
| Предмети: | |
| Теги: |
Додати тег
Немає тегів, Будьте першим, хто поставить тег для цього запису!
|
MARC
| LEADER | 00000nam a2200000 a 4500 | ||
|---|---|---|---|
| 001 | UCU6696 | ||
| 003 | CL-VaPUC | ||
| 008 | 960621e19710000SZ |||||||||||||||||spa|d | ||
| 082 | 0 | 4 | |a 658.02 |b OFI |2 21 |
| 110 | 2 | |a Oficina Internacional del Trabajo |e author |9 365018 | |
| 710 | 2 | |a OIT |e author |9 365019 | |
| 245 | 1 | 3 | |a La empresa y los factores que influyen en su funcionamiento |
| 250 | |a 4a. ed | ||
| 300 | |a 236 p | ||
| 942 | |c BK | ||
| 945 | |d 19960621 00:00:00 |a paguirre | ||
| 260 | |a Ginebra |b Oficina Internacional del Trabajo |c 1971 | ||
| 650 | 0 | |a Empresas |9 255569 | |
| 650 | 7 | |a ORGANIZACIONES EMPRESARIALES |2 CL-VaPUC |9 359225 | |
| 650 | 0 | |a Economía |9 255568 | |
| 650 | 7 | |a PERSONAL |2 CL-VaPUC |9 343747 | |
| 650 | 7 | |a MANO DE OBRA |2 CL-VaPUC |9 315053 | |
| 583 | |a last modification |c 19960621 00:00:00 |k Rodrigo Vera | ||
| 490 | 0 | |a La empresa y su dirección | |
| 999 | |c 249522 |d 249520 | ||
| 952 | |0 0 |1 0 |4 0 |6 658_020000000000000_OFI_1971 |7 0 |8 A |9 266805 |a BIBING |b BIBING |d 2019-11-19 |i 1690078 |o 658.02 OFI 1971 |p 1690078 |r 2025-01-20 |w 2019-11-19 |y BK |k CCL | ||